Tarzan the magnificent / (Record no. 1941)

000 -LEADER
fixed length control field 01332nam a22003737a 4500
001 - CONTROL NUMBER
control field 16743904
003 - CONTROL NUMBER IDENTIFIER
control field OSt
005 - DATE AND TIME OF LATEST TRANSACTION
control field 20210419073230.0
008 - FIXED-LENGTH DATA ELEMENTS--GENERAL INFORMATION
fixed length control field 010601s1939 nyu 000 1 eng d
010 ## - LIBRARY OF CONGRESS CONTROL NUMBER
LC control number 2011656555
035 ## - SYSTEM CONTROL NUMBER
System control number (OCoLC)ocm47051848
035 ## - SYSTEM CONTROL NUMBER
System control number (OCoLC)47051848
040 ## - CATALOGING SOURCE
Original cataloging agency IHI
Transcribing agency IHI
Modifying agency OCLCQ
-- OCLCG
-- SJL
-- DLC
Language of cataloging eng
041 ## - LANGUAGE CODE
Language code of text/sound track or separate title eng
042 ## - AUTHENTICATION CODE
Authentication code lccopycat
050 00 - LIBRARY OF CONGRESS CALL NUMBER
Classification number CPB Box no. 50 vol. 12
080 ## - UNIVERSAL DECIMAL CLASSIFICATION NUMBER
Universal Decimal Classification number 821.111
Item number B-96
100 1# - MAIN ENTRY--PERSONAL NAME
Personal name Burroughs, Edgar Rice,
Dates associated with a name 1875-1950.
245 10 - TITLE STATEMENT
Title Tarzan the magnificent /
Statement of responsibility, etc. Edgar Rice Burroughs.
Remainder of title / by: Edgar Rice Burroughs, Inc, Publishers
260 ## - PUBLICATION, DISTRIBUTION, ETC.
Place of publication, distribution, etc. Tarzana, California
Name of publisher, distributor, etc. Avon Books
Date of publication, distribution, etc. 1939
300 ## - PHYSICAL DESCRIPTION
Extent 317 p.
Dimensions ill.
490 0# - SERIES STATEMENT
Series statement Ballantine fiction
490 0# - SERIES STATEMENT
Series statement BB fiction
500 ## - GENERAL NOTE
General note "Complete and unabridged"--Cover.
500 ## - GENERAL NOTE
General note "First published in two parts: Part 1: Tarzan and the magic men, c1936 ; Part 2: Tarzan and the elephant men, [c1937].
600 00 - SUBJECT ADDED ENTRY--PERSONAL NAME
Personal name Tarzan
Titles and other words associated with a name (Fictitious character)
Form subdivision Fiction.
650 #0 - SUBJECT ADDED ENTRY--TOPICAL TERM
9 (RLIN) 247
Topical term or geographic name entry element English literature
653 ## - INDEX TERM--UNCONTROLLED
Uncontrolled term ინგლისური ლიტერატურა
655 #7 - INDEX TERM--GENRE/FORM
Genre/form data or focus term Adventure fiction.
Source of term gsafd
700 ## - ADDED ENTRY--PERSONAL NAME
9 (RLIN) 1253
Personal name Burroughs, Coleman, John
Relator term Illustrator
906 ## - LOCAL DATA ELEMENT F, LDF (RLIN)
a 7
b cbc
c copycat
d 2
e ncip
f 20
g y-genrareb
942 ## - ADDED ENTRY ELEMENTS (KOHA)
Source of classification or shelving scheme
Koha item type Books
Holdings
Withdrawn status Lost status Source of classification or shelving scheme Damaged status Not for loan Permanent location Current location Date acquired Inventory number Total Checkouts Full call number Barcode Date last seen Price effective from Koha item type
          Ken Walker International University Ken Walker International University 03/04/2021 1601   821.111 B-96 1601 03/04/2021 03/04/2021 Books

Powered by Koha